Shortest Type-Ins for Countries - Statistics

General Stats
  • This quiz has been taken 55 times
  • The average score is 10 of 13
Answer Stats
Country Type-In % Correct
United Arab Emirates UAE
98%
United Kingdom UK
98%
United States USA
98%
D.R. Congo DRC
96%
F.S. Micronesia FSM
94%
New Zealand NZ
94%
Papua New Guinea PNG
94%
Republic of the Congo CONGO
73%
Taiwan ROC
69%
China PRC
63%
North Korea DPRK
53%
North Macedonia FYROM
47%
South Korea ROK
47%
No matching quizzes found
Score Distribution
Percent of People with Each Score
Percentile by Number Answered
Your Score History
You have not taken this quiz